[Event "Challenge"]
[Site "http://www.queenalice.com/game.php?id=1474427"]
[Date "2017.4.20"]
[Round "-"]
[White "lajoie"]
[Black "betanio"]
[Result "1-0"]
[WhiteElo "2416"]
[BlackElo "2557"]

1. e4 c5 2. Nf3 d6 3. d4 cxd4 4. Nxd4 Nf6 5. Nc3 a6 6. Be2 Nc6 7. Be3 e6 8. Qd2
Be7 9. O-O-O O-O 10. f4 Qc7 11. g4 b5 12. g5 Nxd4 13. Qxd4 Nd7 14. h4 Rb8 15. h5
b4 16. h6 gxh6 17. Nd5 exd5 18. Rxh6 b3 19. axb3 Nc5 20. Kb1 Ne6 21. Qd3 f5 22.
exf5 1-0